| 000 | 01166ngm a22003250a 4500 | ||
|---|---|---|---|
| 001 | PT19512 | ||
| 003 | AR-LpoUNG | ||
| 005 | 20210202000310.0 | ||
| 007 | vd cvaizq | ||
| 008 | 191001s1992||||ag |||||||||||||||||fre d | ||
| 040 |
_aAR-LpoUNG _bspa _cAR-LpoUNG _eaacr |
||
| 041 | _afre | ||
| 044 | _aag | ||
| 082 | 0 | _a927 991cam | |
| 100 | 1 |
_aNuytten, Bruno _edir. |
|
| 245 | 1 | 0 | _aCamille Claudel |
| 260 |
_aBuenos Aires : _bTransmundo Home Video, _c1992. |
||
| 300 | _aVHS (130 min.) : son., col. | ||
| 505 | 0 | _aHecha en 1988. - Guión: Bruno Nuytten, Marilyn Goldin. - Elenco: Isabelle Adjani, Gérard Depardieu, Alain Cuny, Madeleine Robinson, Roger Planchon, Philippe Clévenot. | |
| 520 | _aLa vida de Camille Claudel es una historia de soledad provocada por la contradicción entre una mujer que amaba la libertad y el rechazo a la sociedad que le tocó vivir. Premios César a la mejor película, actriz, fotografía, decorados y vestuario. | ||
| 650 | 4 | _aARTE | |
| 650 | 4 | _aBIOGRAFIAS | |
| 650 | 4 | _aFRANCIA | |
| 651 | 4 | _aFrancia | |
| 653 | _aCINE FRANCES | ||
| 653 | _aDOCUMENTAL | ||
| 653 | _aVIDEOS | ||
| 905 | _a19512 | ||
| 942 | _cVIDEO | ||
| 999 |
_c54550 _d54550 |
||